00709nam a2200229Ia 4500008004100000020001500041050000800056050001400064100002300078245004500101245002200146250001600168260001800184260003000202260000900232300001400241300001800255650004300273700003300316999001900349952011100368160319s9999 xx 000 0 und d a9716421931 a900 bZ21k 2002 aZaide, Gregorio F. aKasaysayan at pamahalaan ng Pilipinas./  cGregorio F. Zaide a5th edition aQuezon City : bAll Nations Pub. Co. Inc. c2002 a 290 p.;  c25.5 cm., pbk aKasaysayan at pamahalaan ng Pilipinas. aZaide, Sonia., added author. c292217d292217 001040aSSISBbSSISBcFILd2016-03-19l0oFil 900 Z21k 2002pUS 0361r2016-03-19 00:00:00w2016-03-19yBK